02037nas a2200241 i 4500003000900000005001700009007000300026008004100029040003000070041000800100110008700108245020400195246002900399264010000428300005700528336002700585337003400612338002800646362001800674500005300692520097300745650007701718DO-SdBNP20260205111514.0ta260205e2025 dr an|p|r||||||0| | spa d aDO-SdBNPbspacBNPHUerda aspa aUniversidad Nacional para la Defensa "General Juan Pablo Duarte y Díez" (UNADE)  aXI Simposio internacional UNADE 2025, Seguridad Nacional y Comercio :bestrategia para un desarrollo sostenible / cUniversidad Nacional para la Defensa "General Juan Pablo Duarte y Díez" (UNADE) . aInforme Relatoría 2025 aSanto Domingo, República Dominicana : bMinisterio de Defensa República Dominicana, c2025. avolumen : bilustraciones, fotografías ; c23 cm.  atextobtxt2rdacontent asin mediación bn2rdamedia avolumenbnc2rdacarrier aNo. 11, 2025. aCatalogación basada en número: No. 11, 2025. aDurante el acto inaugural, el rector de la Universidad Nacional para la Defensa (UNADE), mayor general doctor Rafael Vásquez Espínola, ERD, ofreció las palabras de bienvenida, destacando que la institución, en cumplimiento de su misión y alineada con sus lineamientos estratégicos, organiza este simposio como una plataforma académica para reflexionar sobre los vínculos entre la seguridad, el desarrollo y el comercio en un entorno global cada vez más interconectado. En su intervención, el rector planteó que la seguridad nacional debe entenderse como una noción amplia e incluyente, que trasciende la defensa territorial e incorpora aspectos como la gobernanza democrática, la estabilidad institucional y la protección de los intereses nacionales. Asimismo, subrayó que el comercio constituye un pilar fundamental del desarrollo económico, y que su articulación con la seguridad reviste un carácter estructural y estratégico. 0aInformes técnicosvPublicaciones periódicas zRepública Dominicana